000 00445nam a2200157 i 4500
001 62715
003 ES-MaACL
005 20230906164722.0
007 t|
008 031125s1973 sp ||||1| spa d
100 1 _aFernández Jolis, José.
_949858
245 1 0 _aRimas de mis huellas andariegas /
_cJosé Fernández Jolis.
260 _aLeón :
_b[s.n.],
_c1973.
300 _a116 p., 11 lám. ;
_c22 cm.
852 _aES-MaACL
_jC-55101
_bR.87902
999 _c62715
_d62715